[Event "19th Bosna it"]
[Site "Sarajevo YUG"]
[Date "1980.03.16"]
[Round "1"]
[White "Arapovic, Vitomir"]
[Black "Bagirov, Vladimir"]
[Result "1/2-1/2"]
[WhiteElo "2385"]
[BlackElo "2560"]
[EventDate "1980.03.16"]
[PlyCount "83"]

1.e4 Nf6 2.Nc3 d5 3.e5 Nfd7 4.f4 e6 5.Nf3 c5 6.g3 Nc6 7.Bg2 Be7 8.d3 O-O 
9.O-O Rb8 10.g4 f6 11.exf6 Nxf6 12.g5 Ne8 13.Ne2 Bd7 14.c3 g6 15.a3 Ng7 
16.b4 Bd6 17.bxc5 Bxc5+ 18.Kh1 Nf5 19.d4 Bd6 20.Ng3 Ng7 21.Ne5 Nxe5 22.
fxe5 Rxf1+ 23.Bxf1 Be7 24.h4 Rc8 25.Bd2 Qf8 26.Bg2 Bb5 27.a4 Bc4 28.Bh3 
Qf7 29.Qe1 Kh8 30.Qe3 Rf8 31.Kg2 Qe8 32.Bg4 Qc6 33.Qe1 Bd3 34.Be2 Qa6 35.
Bxd3 Qxd3 36.Qe2 Qc2 37.Qd1 Qxd1 38.Rxd1 Rc8 39.Rb1 b6 40.a5 Bd8 41.axb6 
Bxb6 42.Ne2 1/2-1/2

[Event "19th Bosna it"]
[Site "Sarajevo YUG"]
[Date "1980.03.16"]
[Round "1"]
[White "Szekely, Peter"]
[Black "Bistric, Faruk"]
[Result "1/2-1/2"]
[WhiteElo "2210"]
[BlackElo "2245"]
[EventDate "1980.03.16"]
[PlyCount "27"]

1.Nf3 Nf6 2.c4 e6 3.g3 b6 4.Bg2 Bb7 5.O-O Be7 6.Nc3 O-O 7.d4 Na6 8.b3 d5 
9.cxd5 exd5 10.Bb2 c5 11.Rc1 Ne4 12.Qc2 Qc7 13.dxc5 Qxc5 14.Qb1 1/2-1/2

[Event "19th Bosna it"]
[Site "Sarajevo YUG"]
[Date "1980.03.27"]
[Round "1"]
[White "Ivkov, Borislav"]
[Black "Knezevic, Milorad"]
[Result "1/2-1/2"]
[WhiteElo "2530"]
[BlackElo "2500"]
[EventDate "1980.03.16"]
[PlyCount "31"]

1.e4 e5 2.Nf3 Nc6 3.Bb5 Nf6 4.O-O Nxe4 5.Re1 Nd6 6.Nxe5 Nxe5 7.Rxe5+ Be7 
8.Bf1 O-O 9.d4 Bf6 10.Re1 Nf5 11.c3 d5 12.Bf4 c6 13.Nd2 Re8 14.Rxe8+ Qxe8 
15.Qe2 Qxe2 16.Bxe2 1/2-1/2

[Event "19th Bosna it"]
[Site "Sarajevo YUG"]
[Date "1980.03.17"]
[Round "2"]
[White "Bagirov, Vladimir"]
[Black "Marjanovic, Slavoljub"]
[Result "1/2-1/2"]
[WhiteElo "2560"]
[BlackElo "2505"]
[EventDate "1980.03.16"]
[PlyCount "39"]

1.d4 Nf6 2.c4 e6 3.Nc3 Bb4 4.e3 c5 5.Ne2 cxd4 6.exd4 d5 7.c5 Ne4 8.Bd2 
Nxd2 9.Qxd2 a5 10.a3 Bxc3 11.Nxc3 a4 12.Bd3 b6 13.Nxa4 Rxa4 14.Bb5+ Bd7 
15.Bxa4 Bxa4 16.Qb4 b5 17.b3 Nc6 18.Qc3 b4 19.Qd3 Qa5 20.bxa4 1/2-1/2

[Event "19th Bosna it"]
[Site "Sarajevo YUG"]
[Date "1980.03.17"]
[Round "2"]
[White "Hort, Vlastimil"]
[Black "Uhlmann, Wolfgang"]
[Result "1/2-1/2"]
[WhiteElo "2595"]
[BlackElo "2510"]
[EventDate "1980.03.16"]
[PlyCount "36"]

1.Nf3 Nf6 2.b3 g6 3.Bb2 Bg7 4.c4 O-O 5.e3 c5 6.Be2 Nc6 7.d4 cxd4 8.Nxd4 
Nxd4 9.Bxd4 d5 10.Nd2 b6 11.O-O Bb7 12.Bf3 Rc8 13.Rc1 Qd7 14.Qe2 dxc4 15.
Nxc4 Bxf3 16.Qxf3 Qd5 17.Rfd1 Qxf3 18.gxf3 Rc7 1/2-1/2

[Event "19th Bosna it"]
[Site "Sarajevo YUG"]
[Date "1980.03.17"]
[Round "2"]
[White "Knezevic, Milorad"]
[Black "Arapovic, Vitomir"]
[Result "1/2-1/2"]
[WhiteElo "2500"]
[BlackElo "2385"]
[EventDate "1980.03.16"]
[PlyCount "27"]

1.d4 g6 2.e4 Bg7 3.Nf3 d6 4.Bc4 Nf6 5.Qe2 O-O 6.O-O c6 7.Bb3 Bg4 8.Nbd2 d5
9.c3 Na6 10.h3 Bxf3 11.Qxf3 Nc7 12.Re1 Bh6 13.Bc2 Rc8 14.Nf1 1/2-1/2

[Event "19th Bosna it"]
[Site "Sarajevo YUG"]
[Date "1980.03.18"]
[Round "3"]
[White "Arapovic, Vitomir"]
[Black "Kurajica, Bojan"]
[Result "0-1"]
[WhiteElo "2385"]
[BlackElo "2505"]
[EventDate "1980.03.16"]
[PlyCount "144"]

1.e4 c5 2.Nf3 e6 3.d4 cxd4 4.Nxd4 Nc6 5.Nc3 a6 6.Be3 Qc7 7.Bd3 Nf6 8.Nb3 
b5 9.f4 b4 10.Na4 Rb8 11.Qf3 e5 12.f5 d6 13.g4 h6 14.Nd2 Be7 15.b3 Nd4 16.
Bxd4 exd4 17.O-O-O Nd7 18.h4 Bb7 19.Kb1 Rc8 20.Nc4 Bc6 21.Nab2 a5 22.g5 a4
23.f6 gxf6 24.gxf6 Nxf6 25.Nxa4 d5 26.exd5 Bxd5 27.Qf5 Bxh1 28.Rxh1 Kf8 
29.Rf1 Rd8 30.Nab6 Rg8 31.Qb5 Rg3 32.Ne5 Rd6 33.Nbc4 Rd5 34.Qc6 Qxc6 35.
Nxc6 Ng4 36.Be4 Rc5 37.Nxd4 Nf6 38.Bd3 Rh3 39.Nf5 Ng4 40.Nd4 Bf6 41.Nf5 
Nh2 42.Rh1 Rxd3 43.cxd3 Rxf5 44.Rxh2 Rf1+ 45.Kc2 Ra1 46.Rh3 Rxa2+ 47.Kc1 
Rf2 48.Nd2 Ke7 49.Re3+ Kd7 50.Nf3 Kd6 51.Nd2 Kd5 52.Re4 Be5 53.Nc4 Bf4+ 
54.Kd1 f5 55.Nb6+ Kc6 56.Re6+ Kc5 57.Rf6 Bg3 58.Rxh6 Kd4 59.Rg6 Bf4 60.Rg7
Kxd3 61.Rd7+ Kc3 62.Rf7 Rd2+ 63.Ke1 Bg3+ 64.Kf1 f4 65.h5 Rh2 66.h6 Rxh6 
67.Nd5+ Kxb3 68.Rb7 f3 69.Rxb4+ Ka3 70.Kg1 f2+ 71.Kg2 Rh1 72.Ne3 Rg1+ 0-1

[Event "19th Bosna it"]
[Site "Sarajevo YUG"]
[Date "1980.03.18"]
[Round "3"]
[White "Bistric, Faruk"]
[Black "Osmanovic, Kemal"]
[Result "0-1"]
[WhiteElo "2245"]
[BlackElo "2405"]
[EventDate "1980.03.16"]
[PlyCount "96"]

1.e4 c5 2.Nf3 e6 3.d4 cxd4 4.Nxd4 a6 5.Nc3 b5 6.Bd3 Bb7 7.O-O d6 8.Re1 Nf6
9.Bg5 Be7 10.a4 bxa4 11.Rxa4 Nbd7 12.Nb3 Qc7 13.Qe2 O-O 14.Bxa6 Rxa6 15.
Rxa6 Bxa6 16.Qxa6 Ne5 17.Qe2 Rb8 18.h3 Nc4 19.Bc1 h6 20.Kh1 g6 21.Nd1 Bf8 
22.Nd2 Ne5 23.Ne3 Nh5 24.g3 Bg7 25.Kh2 Nf6 26.f4 Ned7 27.c3 Nc5 28.Ng4 
Nfd7 29.Nf3 Na4 30.f5 g5 31.Nd4 e5 32.Nb5 Qc6 33.c4 Nab6 34.b3 Nc5 35.Qf3 
Nxb3 36.f6 Bf8 37.Nxh6+ Bxh6 38.Qh5 Nc5 39.Nc3 Ne6 40.Nd5 Bf8 41.Bxg5 Qxc4
42.Bc1 Nxd5 43.exd5 Qxd5 44.Qg4+ Bg7 45.fxg7 Rc8 46.Be3 Rc2+ 47.Re2 f5 48.
Qh5 Nxg7 0-1

[Event "19th Bosna it"]
[Site "Sarajevo YUG"]
[Date "1980.03.18"]
[Round "3"]
[White "Ivkov, Borislav"]
[Black "Hort, Vlastimil"]
[Result "1/2-1/2"]
[WhiteElo "2530"]
[BlackElo "2595"]
[EventDate "1980.03.16"]
[PlyCount "31"]

1.d4 Nf6 2.c4 e6 3.Nf3 b6 4.g3 Be7 5.Bg2 Bb7 6.O-O O-O 7.Nc3 Ne4 8.Nxe4 
Bxe4 9.Nh4 Bxg2 10.Nxg2 d5 11.Qa4 Qe8 12.Qxe8 Rxe8 13.cxd5 exd5 14.Nf4 c6 
15.Be3 Bd6 16.Nd3 1/2-1/2

[Event "19th Bosna it"]
[Site "Sarajevo YUG"]
[Date "1980.03.18"]
[Round "3"]
[White "Trois, Francisco"]
[Black "Bagirov, Vladimir"]
[Result "1/2-1/2"]
[WhiteElo "2395"]
[BlackElo "2560"]
[EventDate "1980.03.16"]
[PlyCount "34"]

1.c4 e6 2.Nf3 d5 3.d4 Nf6 4.Nc3 c6 5.e3 Nbd7 6.Qc2 Bd6 7.b3 O-O 8.Bb2 Qe7 
9.Be2 dxc4 10.bxc4 Re8 11.O-O e5 12.Rfe1 e4 13.Nd2 Nf8 14.f3 exf3 15.Bxf3 
Ng4 16.Nf1 Qh4 17.g3 Qf6 1/2-1/2

[Event "19th Bosna it"]
[Site "Sarajevo YUG"]
[Date "1980.03.19"]
[Round "4"]
[White "Bagirov, Vladimir"]
[Black "Szekely, Peter"]
[Result "1/2-1/2"]
[WhiteElo "2560"]
[BlackElo "2210"]
[EventDate "1980.03.16"]
[PlyCount "62"]

1.d4 Nf6 2.c4 e6 3.Nc3 Bb4 4.e3 O-O 5.Ne2 d5 6.a3 Be7 7.cxd5 exd5 8.g3 c6 
9.Bg2 Bf5 10.h3 Bd6 11.g4 Bc8 12.Ng3 Bxg3 13.fxg3 Qd6 14.Qf3 Be6 15.O-O 
Na6 16.Bd2 h6 17.Qf4 Rad8 18.g5 hxg5 19.Qxg5 Nh7 20.Qf4 f5 21.Ne2 Bc8 22.
Nc1 Qe7 23.h4 Nf6 24.Nd3 Ne4 25.Be1 Rf6 26.Rc1 Re8 27.Ne5 Be6 28.Rc2 Nb8 
29.Bb4 Qd8 30.Bf3 Rh6 31.Bxe4 dxe4 1/2-1/2

[Event "19th Bosna it"]
[Site "Sarajevo YUG"]
[Date "1980.03.19"]
[Round "4"]
[White "Hort, Vlastimil"]
[Black "Arapovic, Vitomir"]
[Result "1-0"]
[WhiteElo "2595"]
[BlackElo "2385"]
[EventDate "1980.03.16"]
[PlyCount "73"]

1.e4 e6 2.d4 d5 3.Nc3 Bb4 4.e5 c5 5.a3 Bxc3+ 6.bxc3 Ne7 7.a4 Nbc6 8.Nf3 
Qa5 9.Qd2 Bd7 10.Be2 Rc8 11.Ba3 cxd4 12.cxd4 Qxd2+ 13.Kxd2 Nf5 14.c3 h5 
15.Rhb1 Na5 16.Bc5 b6 17.Bb4 Nc4+ 18.Ke1 f6 19.a5 b5 20.a6 Kf7 21.h4 Rc7 
22.g3 Rhc8 23.exf6 gxf6 24.Nd2 Kg6 25.Nxc4 dxc4 26.Ba5 Rc6 27.Bf3 Rxa6 28.
Bb7 Rac6 29.Rxb5 Rd6 30.Rb4 Re8 31.Bc7 e5 32.d5 Nd4 33.cxd4 exd4+ 34.Kd2 
Bg4 35.Rxc4 Re2+ 36.Kd3 Rd7 37.Bc8 1-0

[Event "19th Bosna it"]
[Site "Sarajevo YUG"]
[Date "1980.03.19"]
[Round "4"]
[White "Kelecevic, Nedeljko"]
[Black "Uhlmann, Wolfgang"]
[Result "1/2-1/2"]
[WhiteElo "2380"]
[BlackElo "2510"]
[EventDate "1980.03.16"]
[PlyCount "29"]

1.d4 Nf6 2.c4 g6 3.Nc3 Bg7 4.Nf3 O-O 5.g3 c5 6.Bg2 cxd4 7.Nxd4 Nc6 8.O-O 
Nxd4 9.Qxd4 d6 10.Qd3 a6 11.Be3 Rb8 12.Ba7 Ra8 13.Bd4 Rb8 14.Ba7 Ra8 15.
Bd4 1/2-1/2

[Event "19th Bosna it"]
[Site "Sarajevo YUG"]
[Date "1980.03.19"]
[Round "4"]
[White "Knezevic, Milorad"]
[Black "Trois, Francisco"]
[Result "1/2-1/2"]
[WhiteElo "2500"]
[BlackElo "2395"]
[EventDate "1980.03.16"]
[PlyCount "31"]

1.d4 Nf6 2.c4 g6 3.Nc3 Bg7 4.e4 d6 5.Nf3 O-O 6.Be3 c6 7.h3 a6 8.c5 Nbd7 9.
Nd2 b6 10.cxb6 Nxb6 11.Be2 Nfd7 12.O-O c5 13.dxc5 Nxc5 14.Nb3 Nca4 15.Nxa4
Nxa4 16.Nd4 1/2-1/2

[Event "19th Bosna it"]
[Site "Sarajevo YUG"]
[Date "1980.03.19"]
[Round "4"]
[White "Kurajica, Bojan"]
[Black "Marjanovic, Slavoljub"]
[Result "1/2-1/2"]
[WhiteElo "2505"]
[BlackElo "2505"]
[EventDate "1980.03.16"]
[PlyCount "79"]

1.e4 c5 2.c3 Nf6 3.e5 Nd5 4.d4 cxd4 5.Nf3 Nc6 6.cxd4 d6 7.Bc4 Nb6 8.Bb5 
dxe5 9.Nxe5 Bd7 10.Bxc6 Bxc6 11.Nxc6 bxc6 12.O-O g6 13.Re1 Bg7 14.Bg5 Nc8 
15.Nc3 O-O 16.Qf3 Rb8 17.b3 Qxd4 18.Rac1 Qb4 19.Bf4 Rb6 20.Re4 Qa5 21.Bc7 
Qa3 22.Rc2 Rb7 23.Ra4 Qc5 24.Rc4 Qf5 25.Qxf5 gxf5 26.Rxc6 e6 27.Ba5 Ne7 
28.Rc4 Rd7 29.g3 Rb8 30.Ne2 Rb5 31.Bd2 h6 32.Rc7 Rb7 33.Rxb7 Rxb7 34.Be3 
Kh7 35.Nf4 e5 36.Ng2 Nd5 37.Rc5 Rd7 38.h3 f4 39.gxf4 exf4 40.Bxf4 1/2-1/2

[Event "19th Bosna it"]
[Site "Sarajevo YUG"]
[Date "1980.03.19"]
[Round "4"]
[White "Nikolic, Predrag"]
[Black "Ivkov, Borislav"]
[Result "1/2-1/2"]
[WhiteElo "2330"]
[BlackElo "2530"]
[EventDate "1980.03.16"]
[PlyCount "23"]

1.d4 Nf6 2.c4 e6 3.Nf3 b6 4.g3 Bb7 5.Bg2 Bb4+ 6.Nbd2 c5 7.a3 Bxd2+ 8.Qxd2 
cxd4 9.O-O Nc6 10.Nxd4 Nxd4 11.Qxd4 Bxg2 12.Kxg2 1/2-1/2

[Event "19th Bosna it"]
[Site "Sarajevo YUG"]
[Date "1980.03.20"]
[Round "5"]
[White "Bistric, Faruk"]
[Black "Bagirov, Vladimir"]
[Result "1/2-1/2"]
[WhiteElo "2245"]
[BlackElo "2560"]
[EventDate "1980.03.16"]
[PlyCount "40"]

1.e4 Nf6 2.e5 Nd5 3.d4 d6 4.Nf3 g6 5.Bc4 Nb6 6.Bb3 Bg7 7.Ng5 d5 8.f4 f6 9.
Nf3 Nc6 10.O-O Bg4 11.c3 Qd7 12.Be3 Na5 13.Bc2 fxe5 14.fxe5 O-O 15.b3 Bf5 
16.Nbd2 Nc6 17.Rf2 e6 18.h3 Ne7 19.g4 Bxc2 20.Qxc2 Rf7 1/2-1/2

[Event "19th Bosna it"]
[Site "Sarajevo YUG"]
[Date "1980.03.20"]
[Round "5"]
[White "Ivkov, Borislav"]
[Black "Kelecevic, Nedeljko"]
[Result "1-0"]
[WhiteElo "2530"]
[BlackElo "2380"]
[EventDate "1980.03.16"]
[PlyCount "139"]

1.d4 Nf6 2.c4 e6 3.Nc3 d5 4.Bg5 Be7 5.e3 h6 6.Bh4 O-O 7.Nf3 Ne4 8.Bxe7 
Qxe7 9.cxd5 Nxc3 10.bxc3 exd5 11.Qb3 Qd6 12.c4 dxc4 13.Bxc4 Nc6 14.Qc3 Bg4
15.Be2 Rae8 16.O-O Re7 17.Rfc1 Nd8 18.Qc5 Qxc5 19.Rxc5 c6 20.Kf1 Ne6 21.
Rc3 Bxf3 22.Bxf3 Ng5 23.Ke2 Rd8 24.h4 Ne6 25.Kf1 Nc7 26.a4 Ne8 27.Rc5 Kf8 
28.Rac1 Rd6 29.Rb1 Rd8 30.g4 Nd6 31.Kg2 Ne8 32.Kg3 Nd6 33.Kf4 Ne8 34.Kg3 
Nd6 35.Rd1 Ne8 36.Rh1 g6 37.Rb1 Nd6 38.Rd1 Ne8 39.Rb1 Nd6 40.Kg2 f6 41.
Rbc1 Nf7 42.Be2 Kg7 43.Bf3 Kf8 44.R1c2 Kg7 45.Kg3 Red7 46.h5 gxh5 47.Rxh5 
Ng5 48.Rh1 Nxf3 49.Kxf3 Rd5 50.Rb1 R8d7 51.Rcb2 b6 52.Rc1 R7d6 53.Rbc2 Ra5
54.Rxc6 Rxc6 55.Rxc6 Rxa4 56.d5 Kg6 57.e4 Kg5 58.Ke3 Ra3+ 59.Kd4 Ra4+ 60.
Kd3 Ra3+ 61.Rc3 Ra1 62.Kd4 Kg6 63.f4 Rd1+ 64.Rd3 Rxd3+ 65.Kxd3 a5 66.Kc4 
a4 67.Kb4 b5 68.e5 fxe5 69.d6 Kf7 70.g5 1-0

[Event "19th Bosna it"]
[Site "Sarajevo YUG"]
[Date "1980.03.20"]
[Round "5"]
[White "Marjanovic, Slavoljub"]
[Black "Hort, Vlastimil"]
[Result "1/2-1/2"]
[WhiteElo "2505"]
[BlackElo "2595"]
[EventDate "1980.03.16"]
[PlyCount "32"]

1.e4 e5 2.Nf3 Nc6 3.Bb5 a6 4.Ba4 Nf6 5.O-O Nxe4 6.d4 b5 7.Bb3 d5 8.dxe5 
Be6 9.Nbd2 Nc5 10.c3 Be7 11.Re1 d4 12.cxd4 Nxd4 13.Nxd4 Qxd4 14.Bxe6 Nxe6 
15.Qc2 Rd8 16.Nf3 Qc5 1/2-1/2

[Event "19th Bosna it"]
[Site "Sarajevo YUG"]
[Date "1980.03.20"]
[Round "5"]
[White "Szekely, Peter"]
[Black "Knezevic, Milorad"]
[Result "1/2-1/2"]
[WhiteElo "2210"]
[BlackElo "2500"]
[EventDate "1980.03.16"]
[PlyCount "32"]

1.e4 e5 2.Nf3 Nf6 3.Nxe5 d6 4.Nf3 Nxe4 5.Qe2 Qe7 6.d3 Nf6 7.Bg5 Qxe2+ 8.
Bxe2 Be7 9.Nc3 c6 10.O-O Na6 11.Rfe1 Nc7 12.h3 Ne6 13.Bd2 d5 14.Rf1 O-O 
15.d4 Re8 16.a3 Bf8 1/2-1/2

[Event "19th Bosna it"]
[Site "Sarajevo YUG"]
[Date "1980.03.20"]
[Round "5"]
[White "Trois, Francisco"]
[Black "Kurajica, Bojan"]
[Result "1/2-1/2"]
[WhiteElo "2395"]
[BlackElo "2505"]
[EventDate "1980.03.16"]
[PlyCount "22"]

1.Nf3 d5 2.g3 c6 3.Bg2 Bg4 4.d3 Nf6 5.Nbd2 e6 6.O-O Nbd7 7.b3 Bd6 8.Bb2 
O-O 9.c4 a5 10.a3 Qe7 11.Qc2 Bxf3 1/2-1/2

[Event "19th Bosna it"]
[Site "Sarajevo YUG"]
[Date "1980.03.22"]
[Round "6"]
[White "Bagirov, Vladimir"]
[Black "Osmanovic, Kemal"]
[Result "1/2-1/2"]
[WhiteElo "2560"]
[BlackElo "2405"]
[EventDate "1980.03.16"]
[PlyCount "30"]

1.d4 d5 2.c4 dxc4 3.Nf3 Nf6 4.Nc3 c5 5.d5 e6 6.e4 exd5 7.exd5 a6 8.a4 Bd6 
9.Bxc4 O-O 10.O-O Bg4 11.h3 Bh5 12.Bg5 Re8 13.g4 Bg6 14.Nd2 h6 15.Bh4 Bf4 
1/2-1/2

[Event "19th Bosna it"]
[Site "Sarajevo YUG"]
[Date "1980.03.22"]
[Round "6"]
[White "Hort, Vlastimil"]
[Black "Trois, Francisco"]
[Result "1/2-1/2"]
[WhiteElo "2595"]
[BlackElo "2395"]
[EventDate "1980.03.16"]
[PlyCount "75"]

1.e4 e5 2.Nf3 Nc6 3.d4 exd4 4.Nxd4 Nf6 5.Nxc6 bxc6 6.e5 Qe7 7.Qe2 Nd5 8.c4
Ba6 9.b3 O-O-O 10.Bb2 f6 11.exf6 Nxf6 12.Nc3 d5 13.O-O-O Qxe2 14.Bxe2 Bc5 
15.cxd5 Bxe2 16.Nxe2 cxd5 17.Nd4 Rhe8 18.f3 Nh5 19.g3 Re3 20.Rhf1 g6 21.
Rde1 Rde8 22.Rxe3 Rxe3 23.Kd2 Re8 24.Rc1 Bb6 25.b4 Kd7 26.a4 a6 27.a5 Ba7 
28.Kd3 Rf8 29.Rxc7+ Kxc7 30.Ne6+ Kd6 31.Nxf8 Bg1 32.Nxh7 Bxh2 33.Nf8 g5 
34.Nh7 Bxg3 35.Nxg5 Nf4+ 36.Kd2 Bh4 37.Nf7+ Ke6 38.Nh6 1/2-1/2

[Event "19th Bosna it"]
[Site "Sarajevo YUG"]
[Date "1980.03.22"]
[Round "6"]
[White "Kelecevic, Nedeljko"]
[Black "Arapovic, Vitomir"]
[Result "1-0"]
[WhiteElo "2380"]
[BlackElo "2385"]
[EventDate "1980.03.16"]
[PlyCount "81"]

1.d4 g6 2.c4 Bg7 3.Nc3 d6 4.Nf3 Bg4 5.e3 Nc6 6.Be2 e5 7.d5 Bxf3 8.Bxf3 
Nce7 9.Qa4+ Kf8 10.Bd2 f5 11.g4 e4 12.Bg2 Nf6 13.gxf5 gxf5 14.Ne2 Nd7 15.
Bb4 Ng6 16.O-O-O Nc5 17.Bxc5 dxc5 18.Qc2 Be5 19.f4 exf3 20.Bxf3 Kg7 21.Ng3
Rf8 22.Nxf5+ Kh8 23.Be4 Rb8 24.Rd3 b5 25.cxb5 Rxb5 26.Rb3 Rxb3 27.axb3 Qf6
28.Kb1 Qb6 29.h4 Rb8 30.h5 Nf8 31.d6 cxd6 32.Bd5 c4 33.Qg2 Ne6 34.Nh6 Bg7 
35.Nf7+ Kg8 36.Bxe6 Qxb3 37.Ne5+ Kh8 38.Ng6+ hxg6 39.hxg6+ Bh6 40.g7+ Kh7 
41.g8=Q+ 1-0

[Event "19th Bosna it"]
[Site "Sarajevo YUG"]
[Date "1980.03.22"]
[Round "6"]
[White "Knezevic, Milorad"]
[Black "Bistric, Faruk"]
[Result "1-0"]
[WhiteElo "2500"]
[BlackElo "2245"]
[EventDate "1980.03.16"]
[PlyCount "65"]

1.Nf3 Nf6 2.c4 c5 3.d4 e6 4.Nc3 cxd4 5.Nxd4 Nc6 6.g3 Bc5 7.Nb3 Be7 8.Bg2 
O-O 9.O-O d6 10.Bf4 Nh5 11.Bc1 Nf6 12.Nd4 Bd7 13.b3 a6 14.Bb2 Rb8 15.Nxc6 
Bxc6 16.e4 Qa5 17.Re1 Rfd8 18.Nd5 Kf8 19.Bc3 Qc5 20.Bb4 Qa7 21.Nxe7 Kxe7 
22.e5 Ne8 23.exd6+ Nxd6 24.Bd5 Rd7 25.Qg4 Kf8 26.Bxe6 fxe6 27.Qxe6 Rbd8 
28.Rad1 Rf7 29.Bxd6+ Kg8 30.Re3 h6 31.c5 b5 32.Rde1 Qa8 33.Qh3 1-0

[Event "19th Bosna it"]
[Site "Sarajevo YUG"]
[Date "1980.03.22"]
[Round "6"]
[White "Kurajica, Bojan"]
[Black "Szekely, Peter"]
[Result "1-0"]
[WhiteElo "2505"]
[BlackElo "2210"]
[EventDate "1980.03.16"]
[PlyCount "77"]

1.e4 c5 2.Nf3 d6 3.d4 cxd4 4.Nxd4 Nf6 5.Nc3 a6 6.a4 Nc6 7.Be2 e5 8.Nf3 h6 
9.O-O Be7 10.Be3 O-O 11.Nd2 Be6 12.Nc4 Rb8 13.Bb6 Qd7 14.Qd2 Bd8 15.Be3 b5
16.axb5 axb5 17.Nxd6 Nd4 18.Ra6 Rb6 19.Rxb6 Bxb6 20.Bxd4 Bxd4 21.Ncxb5 Rd8
22.Qa5 Rb8 23.Nxd4 Qxd6 24.Nxe6 Qxe6 25.b3 Nxe4 26.Bc4 Qf6 27.Qc7 Re8 28.
Bb5 Rd8 29.Bd3 Nd6 30.Rd1 Nf5 31.Re1 Nd4 32.b4 g6 33.Qxe5 Qb6 34.b5 Ne6 
35.h3 Nc5 36.Bc4 Rf8 37.Rd1 Nb7 38.Rd7 Nd8 39.Rd6 1-0

[Event "19th Bosna it"]
[Site "Sarajevo YUG"]
[Date "1980.03.22"]
[Round "6"]
[White "Nikolic, Predrag"]
[Black "Marjanovic, Slavoljub"]
[Result "1-0"]
[WhiteElo "2330"]
[BlackElo "2505"]
[EventDate "1980.03.16"]
[PlyCount "95"]

1.c4 e6 2.Nc3 c5 3.Nf3 d5 4.cxd5 exd5 5.d4 Nc6 6.g3 Nf6 7.Bg2 Be7 8.O-O 
O-O 9.dxc5 Bxc5 10.Bg5 d4 11.Bxf6 Qxf6 12.Nd5 Qd8 13.Nd2 a6 14.Nb3 Ba7 15.
Rc1 Qd6 16.Qd2 Re8 17.Rfe1 Bf5 18.Nf4 Be4 19.Bxe4 Rxe4 20.Na5 Nxa5 21.Qxa5
Rae8 22.Kf1 Bb8 23.Qd5 Qe7 24.Nd3 g6 25.Rc2 Rd8 26.Qa5 Re8 27.Qb6 Qd7 28.
Kg2 R4e6 29.Qb3 b6 30.Qc4 b5 31.Qc5 h5 32.Qg5 Kg7 33.Kg1 Rf6 34.Rc5 h4 35.
Qxh4 Qe6 36.Qxd4 Ba7 37.Nf4 Qe7 38.Rec1 Bxc5 39.Rxc5 Kh7 40.Nd5 Rd6 41.Rc6
Red8 42.Nf6+ Kh8 43.Qf4 Rd1+ 44.Kg2 Kg7 45.e4 Re1 46.Qh4 Qb7 47.Qh7+ Kf8 
48.Re6 1-0

[Event "19th Bosna it"]
[Site "Sarajevo YUG"]
[Date "1980.03.23"]
[Round "7"]
[White "Arapovic, Vitomir"]
[Black "Uhlmann, Wolfgang"]
[Result "0-1"]
[WhiteElo "2385"]
[BlackElo "2510"]
[EventDate "1980.03.16"]
[PlyCount "118"]

1.Nf3 Nf6 2.g3 g6 3.d3 d5 4.Bg2 Bg7 5.O-O O-O 6.Nbd2 c5 7.e4 Nc6 8.Re1 h6 
9.h3 Be6 10.c3 Qc7 11.Nf1 Rac8 12.e5 Nd7 13.d4 cxd4 14.Nxd4 Nxd4 15.cxd4 
Nb6 16.b3 Qd7 17.g4 f5 18.exf6 exf6 19.Ng3 f5 20.gxf5 Bxf5 21.Nxf5 Qxf5 
22.Be3 Nd7 23.Rc1 Nf6 24.Rxc8 Rxc8 25.Qb1 Qxb1 26.Rxb1 Kf7 27.Bf4 Rc2 28.
Re1 Rxa2 29.Rc1 Ke6 30.Be5 Nh5 31.Bxg7 Nxg7 32.Rc5 b6 33.Rxd5 Nf5 34.Rd8 
Ke7 35.Rg8 Kf7 36.Bd5+ Kf6 37.Be4 Nxd4 38.Rxg6+ Ke5 39.Bb7 Ne2+ 40.Kh2 Nf4
41.Rxh6 Rxf2+ 42.Kg3 Rb2 43.Rh8 Rxb3+ 44.Kg4 Rb4 45.Re8+ Kd6 46.h4 Ne6+ 
47.Kh3 a5 48.h5 Ng7 49.h6 Nf5 50.Bc8 Nxh6 51.Kg3 Nf7 52.Kf3 Kc5 53.Rf8 Nd6
54.Bd7 b5 55.Ke3 Rd4 56.Ke2 a4 57.Ra8 Nc4 58.Be8 a3 59.Bf7 Kb4 0-1

[Event "19th Bosna it"]
[Site "Sarajevo YUG"]
[Date "1980.03.23"]
[Round "7"]
[White "Bistric, Faruk"]
[Black "Kurajica, Bojan"]
[Result "1/2-1/2"]
[WhiteElo "2245"]
[BlackElo "2505"]
[EventDate "1980.03.16"]
[PlyCount "94"]

1.e4 c5 2.Nf3 e6 3.d4 cxd4 4.Nxd4 Nc6 5.Nc3 d6 6.Bc4 Nf6 7.Bb3 a6 8.O-O 
Be7 9.f4 d5 10.exd5 exd5 11.Kh1 O-O 12.Be3 Bg4 13.Qd3 Qd7 14.Bg1 Bb4 15.h3
Bxc3 16.Qxc3 Ne4 17.Qd3 Nxd4 18.Bxd4 Be2 19.Qe3 Bxf1 20.Rxf1 Rfe8 21.Rd1 
Qe6 22.Be5 Rad8 23.Kh2 Kh8 24.Qd4 Qg6 25.Rd3 f6 26.Bc7 Rd7 27.Bb6 Rc8 28.
Bxd5 f5 29.c4 Rxd5 30.cxd5 Rc2 31.Qg1 Qd6 32.Qe3 Qg6 33.Qg1 Qd6 34.Qe3 h6 
35.Bd4 Kg8 36.Rd1 Kh7 37.Qf3 Qg6 38.a4 b5 39.axb5 axb5 40.b3 b4 41.Kg1 Kg8
42.Be3 Rc3 43.Qe2 Ng3 44.Qe1 Ne4 45.Qe2 Ng3 46.Qe1 Ne4 47.Rc1 Qd6 1/2-1/2

[Event "19th Bosna it"]
[Site "Sarajevo YUG"]
[Date "1980.03.23"]
[Round "7"]
[White "Marjanovic, Slavoljub"]
[Black "Kelecevic, Nedeljko"]
[Result "1/2-1/2"]
[WhiteElo "2505"]
[BlackElo "2380"]
[EventDate "1980.03.16"]
[PlyCount "68"]

1.e4 c6 2.d4 d5 3.Nd2 dxe4 4.Nxe4 Nd7 5.Bc4 Ngf6 6.Ng5 e6 7.Qe2 Nb6 8.Bd3 
h6 9.N5f3 c5 10.dxc5 Bxc5 11.Ne5 Nbd7 12.Ngf3 Qc7 13.O-O Bd6 14.Nc4 Be7 
15.g3 Nd5 16.c3 O-O 17.Ne3 N7f6 18.Re1 Nxe3 19.Bxe3 b6 20.Bf4 Bd6 21.Bxd6 
Qxd6 22.Rad1 Qc7 23.Nd2 Bb7 24.Ne4 Nxe4 25.Bxe4 Bxe4 26.Qxe4 Rad8 27.Qa4 
Rxd1 28.Rxd1 Rd8 29.Rxd8+ Qxd8 30.h4 Qe7 31.Qc6 g6 32.b4 Kg7 33.a4 Qd8 34.
c4 Qd2 1/2-1/2

[Event "19th Bosna it"]
[Site "Sarajevo YUG"]
[Date "1980.03.23"]
[Round "7"]
[White "Osmanovic, Kemal"]
[Black "Knezevic, Milorad"]
[Result "1/2-1/2"]
[WhiteElo "2405"]
[BlackElo "2500"]
[EventDate "1980.03.16"]
[PlyCount "35"]

1.Nf3 f5 2.b3 d6 3.d4 e6 4.g3 Nf6 5.Bg2 Be7 6.O-O O-O 7.c4 Ne4 8.Bb2 Bf6 
9.Nc3 Nc6 10.Nxe4 fxe4 11.Ne1 d5 12.Nc2 Ne7 13.Rb1 a5 14.f3 exf3 15.Bxf3 
a4 16.e4 axb3 17.axb3 Bg5 18.Qd3 1/2-1/2

[Event "19th Bosna it"]
[Site "Sarajevo YUG"]
[Date "1980.03.23"]
[Round "7"]
[White "Szekely, Peter"]
[Black "Hort, Vlastimil"]
[Result "0-1"]
[WhiteElo "2210"]
[BlackElo "2595"]
[EventDate "1980.03.16"]
[PlyCount "64"]

1.d4 Nf6 2.Nf3 g6 3.c4 Bg7 4.g3 d5 5.Bg2 dxc4 6.Na3 c5 7.O-O c3 8.bxc3 Nc6
9.Rb1 O-O 10.Ne5 Nd5 11.Nxc6 bxc6 12.Rb3 Be6 13.c4 Nb4 14.dxc5 Qxd1 15.
Rxd1 Rad8 16.Re1 a5 17.Be3 Rd7 18.f4 Rfd8 19.Kf2 h5 20.Reb1 Rb8 21.Rc1 
Rdd8 22.Re1 Kf8 23.h3 a4 24.Rxb4 Rxb4 25.Bxc6 Bb2 26.Nb5 Rxc4 27.Bf3 Bd5 
28.Bxd5 Rxd5 29.Na7 h4 30.Kf3 f5 31.gxh4 Rd7 32.Nb5 Rb7 0-1

[Event "19th Bosna it"]
[Site "Sarajevo YUG"]
[Date "1980.03.24"]
[Round "8"]
[White "Hort, Vlastimil"]
[Black "Bistric, Faruk"]
[Result "1-0"]
[WhiteElo "2595"]
[BlackElo "2245"]
[EventDate "1980.03.16"]
[PlyCount "93"]

1.c4 Nf6 2.Nc3 c5 3.Nf3 e6 4.g3 b6 5.Bg2 Bb7 6.O-O Nc6 7.e4 d6 8.d4 cxd4 
9.Nxd4 Nxd4 10.Qxd4 Be7 11.b3 O-O 12.Bb2 Qb8 13.Rad1 Rd8 14.Rfe1 Bf8 15.h3
Nd7 16.g4 a6 17.Ne2 b5 18.cxb5 axb5 19.a3 Bc6 20.Ng3 Rc8 21.g5 Ra7 22.h4 
Rac7 23.h5 Nc5 24.Qe3 Be8 25.Bh3 Nd7 26.Rd2 Rc2 27.Red1 Rxd2 28.Rxd2 Rc5 
29.Bd4 Rc1+ 30.Bf1 g6 31.Ne2 Rc7 32.Bb2 Nc5 33.b4 Na4 34.Bf6 Nb6 35.hxg6 
hxg6 36.Qh3 Bg7 37.Bxg7 Kxg7 38.Qh6+ Kg8 39.Rd3 f5 40.Rh3 Rg7 41.Nf4 Qc8 
42.Qh8+ Kf7 43.Rh7 Rxh7 44.Qxh7+ Kf8 45.Qh8+ Kf7 46.Qf6+ Kg8 47.Nxe6 1-0

[Event "19th Bosna it"]
[Site "Sarajevo YUG"]
[Date "1980.03.24"]
[Round "8"]
[White "Ivkov, Borislav"]
[Black "Arapovic, Vitomir"]
[Result "1/2-1/2"]
[WhiteElo "2530"]
[BlackElo "2385"]
[EventDate "1980.03.16"]
[PlyCount "49"]

1.d4 g6 2.c4 Bg7 3.Nc3 d6 4.Nf3 Nf6 5.e4 O-O 6.Be2 e5 7.Be3 Nbd7 8.d5 Ng4 
9.Bg5 f6 10.Bh4 h5 11.Nd2 Nh6 12.f3 a5 13.a3 Nf7 14.b4 Bh6 15.Bf2 f5 16.
Nb3 axb4 17.axb4 Rxa1 18.Qxa1 Nf6 19.Qb1 fxe4 20.fxe4 Bg4 21.Bd3 Bd7 22.
Be2 Bg4 23.Bd3 Bd7 24.h3 g5 25.Be3 1/2-1/2